000 00698nam a22002297a 4500
999 _c158478
_d158478
005 20181030153049.0
010 _aB-710680
020 _a8171799671
_c295.00
035 _aB-710680
037 _bGift
082 _a611.018
100 _aSingh, Inderbir
245 _aTextbook of human histology /
_cInderbir Singh
250 _a4th ed.
260 _aNew Delhi
_bJaypee Brothers
_c2002
270 _aEMCA House, 23/23 B, Ansari Road, Daryaganj
_bNew Delhi
_e110002
300 _a355p.
_bill. (col.)
_c24cm (pbk)
500 _aincludes index
505 _aWith colour Atlas
942 _2ddc
_cEN
_h611.018
_mSIN